000 00526nam a22001817a 4500
005 20241015074432.0
008 241015b |||||||| |||| 00| 0 eng d
020 _a9798884803596
041 _aEnglish
082 _a158 KAN
100 _leNGLISH
245 _aBoardroom to Bedroom: How to Succeed in both places /
_cNL Kangwa
250 _aFirst Edition
260 _aZamibia
_bBright Chikale,
_c2024
300 _bix,152 pages;
_c26 cm.
650 _aLegal practice
_bLaw
942 _cBK
_6ALISON_BN_VRIES
999 _c3219
_d3219